Statystyki dla Mistrzowie i wicemistrzowie Portugalii - piłka nożna

Kliknij tutaj aby rozwiązać quiz!

Ogólne statystyki

  • Ten quiz został rozwiązany 280 razy
  • Średni wynik to 4 z 8

Statystyki odpowiedzi

Mistrzostwo2. miejsceZespół% Poprawnych
3028FC Porto
98%
1922Sporting CP
96%
3829SL Benfica
93%
01SC Braga
76%
13Boavista FC
34%
01Vitoria Setubal
23%
13CF Os Belenenses
14%
01Academica Coimbra
7%

Rozkład punktacji

Percentyl według liczby udzielonych odpowiedzi

Procent ludzi z każdym wynikiem

Twoja historia wyników

Nie rozwiązałeś tego quizu